000 00966cam a2200217 4500
001 ##J122816
008 030630n2002 000 0 eng u
022 0 _a1354-506X
035 _a(Sirsi) u122816
041 0 _aeng
050 0 4 _a332.63240973 $2 18
100 1 _aPickard, Robert
245 _aReal estate tax credits and other financial incentives for investing in historic property in the United States
260 _aLondon
_bRICS Foundation
_c2002
490 0 _aRICS Foundation Research Papers
_v4(17)
520 _aExamines the legislative and administrative background for designating historic property for protection in the United States and their rehabilitation against a whole series of financial inducements and mechanisms.
690 _aPROPERTY-PROPERTY FINANCE AND INVESTMENT
700 1 _aPickerill, Tracy
856 4 0 _uhttps://www.rics.org/site/scripts/download_info.aspx?downloadID=2150
_zView the research at www.rics.org...
942 _n0
999 _c102939
_d102939